Learning alout capacity development through evaluation
保存先:
| フォーマット: | 図書 |
|---|---|
| 言語: | Undetermined |
| 主題: | |
| タグ: |
タグ追加
タグなし, このレコードへの初めてのタグを付けませんか!
|
| Thư viện lưu trữ: | Trung tâm Học liệu Trường Đại học Cần Thơ |
|---|
| LEADER | 00449nam a2200145Ia 4500 | ||
|---|---|---|---|
| 001 | CTU_122466 | ||
| 008 | 210402s9999 xx 000 0 und d | ||
| 082 | |a 338.18 | ||
| 082 | |b L438 | ||
| 245 | 0 | |a Learning alout capacity development through evaluation | |
| 245 | 0 | |c Edited by Douglas Horton | |
| 650 | |a Agriculture and state,Farm management,Rice | ||
| 650 | |x Tropics | ||
| 904 | |i Hiếu | ||
| 980 | |a Trung tâm Học liệu Trường Đại học Cần Thơ | ||